Going public : Mips computer and the entrepreneurial dream

Αποθηκεύτηκε σε:
Λεπτομέρειες βιβλιογραφικής εγγραφής
Κύριος συγγραφέας: Malone, Micael S.
Μορφή: Βιβλίο
Γλώσσα:Undetermined
Έκδοση: New York Edward Burlinggame Books 1991
Θέματα:
Ετικέτες: Προσθήκη ετικέτας
Δεν υπάρχουν, Καταχωρήστε ετικέτα πρώτοι!
Thư viện lưu trữ: Trung tâm Học liệu Trường Đại học Cần Thơ
LEADER 00538nam a2200193Ia 4500
001 CTU_84023
008 210402s9999 xx 000 0 und d
082 |a 658.15 
082 |b M257 
100 |a Malone, Micael S. 
245 0 |a Going public : 
245 0 |b Mips computer and the entrepreneurial dream 
245 0 |c Micael S. Malone 
260 |a New York 
260 |b Edward Burlinggame Books 
260 |c 1991 
650 |a Computer industry 
904 |i QHieu(sửa) 
980 |a Trung tâm Học liệu Trường Đại học Cần Thơ